| 000 | 03707namaa22004211i 4500 | ||
|---|---|---|---|
| 003 | OSt | ||
| 005 | 20260405113647.0 | ||
| 008 | 250827s2025 ua a|||frm||| 000 0 eng d | ||
| 040 |
_aEG-GICUC _bara _cEG-GICUC _dEG-GICUC _erda |
||
| 041 | 0 |
_aara _bara _beng |
|
| 049 | _aإيداع | ||
| 082 | 0 | 4 | _a741.5 |
| 092 |
_a741.5 _221 |
||
| 097 | _aمــــاجستير | ||
| 099 | _aCai01.25.05.M.Sc.2025.دع.ت | ||
| 100 | 0 |
_a،دعاء عبد المعطى عنتر محمود _eإعداد. |
|
| 245 | 1 | 0 |
_aتعرض الأطفال لأشكال التنمر بالمسلسلات الكارتونية وعلاقته باتجاهاتهم نحوها / _cإعداد دعاء عبد المعطى عنتر محمود؛ إشراف أ.د/ حسن محمد على خليل، د/ رضوى صبرى عباس صيام. |
| 246 | 1 | 5 | _aChildren’s exposure to forms of bullying in cartoon series and its relationship to their attitudes towards it / |
| 264 | 0 | _c2025. | |
| 300 |
_a276 + ( 45) صفحة : _bملاحق ؛ _c30 cm. + _eCD. |
||
| 336 |
_atext _2rda content |
||
| 337 |
_aUnmediated _2rdamedia |
||
| 338 |
_avolume _2rdacarrier |
||
| 502 | _aأطروحة (ماجستير)-جامعة القاهرة، 2025. | ||
| 504 | _aببليوجرافيا: صفحات 266-276. | ||
| 520 | _aيشتمل على مقدمة الدراسة، ومشكلة الدراسة، وأهمية الدراسة، وأهداف الدراسة، والدراسات السابقة، ومصطلحات الدراسة، وتساؤلات الدراسة وفروضها، والإطار النظري للدراسة، والإجراءات المنهجية للدراسة ووصف لأدوات الدراسة وبنائها وصدقها وثباتها. - الفصل الثاني (تعرض الأطفال لأشكال التنمر بالمسلسلات الكارتونية)- الفصل الثالث (اتجاهات الأطفال نحو مشاهد التنمر بالمسلسلات الكارتونية) - الفصل الرابع (مناقشة نتائج الدراسة ومقترحاتها):يتناول نتائج الدراسة ومناقشتها وتفسيرها والخلاصة وأهم نتائج ومقترحات الدراسة. | ||
| 520 | _a1.Chapter One (The Study Methodological and Theoretical Framework) It includes the introduction to the study, the problem, significance, and objectives of the study, previous studies, the cultural cultivation theory, its terminology, the study questions and hypotheses, the study methodology, and tools of the study.2.Chapter Two (Children's Exposure to Forms of Bullying in Cartoon Series). 3.Chapter Three (Cartoon Series and Children's Attitudes Towards Them).4.Chapter Four (Study Results Discussion and Suggestions):It discusses the results of the study, its discussion, interpretation, conclusion | ||
| 530 | _aصدر أيضًا كقرص مدمج. | ||
| 546 | _aالنص بالعربية والملخص باللغة الإنجليزية والعربية. | ||
| 650 | 7 |
_aالرسوم الكرتونية _2qrmak |
|
| 653 | 0 |
_aتعرض _aالمسلسلات الكارتونية _aأشكال التنمر |
|
| 700 | 0 |
_aحسن محمد على خليل _eمشرف أطروحة. |
|
| 700 | 0 |
_aرضوى صبرى عباس صيام _eمشرف أطروحة. |
|
| 900 |
_b09-01-2025 _cحسن محمد على خليل _cرضوى صبرى عباس صيام _dاعتماد خلف معبد _dماجدة محمد عبد العزيز مراد _Uجامعة القاهرة _Fكلية التربية النوعية _Dقسم الإعلام التربوي |
||
| 905 |
_aSara _eAfaf |
||
| 942 |
_2ddc _cTH _e21 _n0 |
||
| 999 | _c178542 | ||